000 00466nam a2200181Ia 4500
005 20250326142219.0
008 250326s9999 xx 000 0 und d
037 _aTextbook
040 _aFMSL
_beng
_cFMSL
041 _aeng
_2eng
084 _qFMSL
100 _aUnited Nations
245 0 _aTrade& development report 2000
_cUnited Nations
260 _aNew Delhi
_bNew Delhi, Bookwell
_c2001
300 _a74p
942 _cTB
999 _c1293966
_d1293966